Quiz de Conhecimentos Gerais – Nível Intermediário - Statistics

Estatísticas Gerais
  • Esse quiz foi jogado 370 vezes
  • A pontuação média é 20 de 25
Estatísticas das Respostas
Hint Resposta % Correto
Qual é o único número primo que é par? 2
98%
Quem pintou a Mona Lisa? Leonardo da Vinci
96%
Qual planeta do Sistema Solar tem um grande anel ao seu redor? Saturno
96%
Qual país tem a maior população do mundo? India
95%
Qual é o menor continente do mundo em área? Oceania
93%
Quantos planetas existem no Sistema Solar? 8
92%
Qual cidade brasileira foi a primeira capital do país? Salvador
91%
Qual país europeu tem o formato parecido com uma bota? Italia
90%
Qual país foi governado por Napoleão Bonaparte? França
89%
Qual é o maior órgão do corpo humano? Pele
89%
Em que oceano está localizado o Triângulo das Bermudas? Atlântico
88%
Que cientista formulou as três leis do movimento Isaac Newton
86%
Em que ano terminou a Segunda Guerra Mundial? 1945
84%
Qual é a capital da Argentina? Buenos aires
80%
Que série de livros escrita por J.K. Rowling se tornou um grande sucesso mundial? Harry Potter
80%
Qual é o maior animal do mundo? Baleia-azul
79%
Qual foi o primeiro país a ganhar uma Copa do Mundo de Futebol? Uruguai
74%
Qual é o rio mais longo do mundo? Nilo
73%
Quem foi o primeiro homem a pisar na Lua? Neil Armstrong
72%
Que tipo de árvore dá maçãs? Macieira
69%
Qual é o metal líquido à temperatura ambiente? Mercúrio
69%
Quem escreveu a peça Romeu e Julieta? William Shakespeare
69%
Em que ano caiu o Muro de Berlim? 1989
67%
Quem foi o primeiro presidente do Brasil? Deodoro da Fonseca
56%
Quantos ossos um ser humano adulto tem no corpo? 206
53%
Nenhum quiz correspondente encontrado
Distribuição das Pontuações
Porcentagem de Pessoas com Cada Pontuação
Percentil de Números Respondidos
Sua Pontuação Histórica
Você não jogou esse quiz